LEADER 01356nam a2200289 i 4500 001 000000156526 003 CaOOAMICUS 005 20061206000000.0 008 061206s2006 it u000 u ita u 013 $a133881 020 $a88-343-1321-6 040 $aSeMil$bita 100 1 $aFumagalli Carulli, Ombretta <1944- >.$0(OLS)http://semarc/name/16090 245 12$aA Cesare ciò che è di Cesare, a Dio ciò che è di Dio :$blaicità dello Stato e libertà delle Chiese /$cOmbretta Fumagalli Carulli. 260 $aMilano :$bVita e Pensiero,$c2006. 300 $aX, 157 p. ;$c22 cm. 490 0 $aV&P Università. Diritto. Ricerche 500 $aContiene : Bibliografia. 650 4$aLibertà e Chiesa.$0(OLS)http://semarc/subject/21490 650 4$aStato - Laicità.$0(OLS)http://semarc/subject/22120 830 0$aUniversità. Diritto. Ricerche [V&P].$0(OLS)http://semarc/title/10086 850 $aSeMil 852 $aSeMil$W1$xVenegono$y1$m3L III 109$j108289$B108289$CSeMilBibl$Z2$F121173 $81 961 $aOmaggio: Braschi don Francesco 996 $6020$a88-343-1321-6$9(OLS)http://semarc/number/146693 996 $6245$aA Cesare ciò che è di Cesare, a Dio ciò che è di Dio :$blaicità dello Stato e libertà delle Chiese$9(OLS)http://semarc/title/229435 996 $6260$aMilano :$bVita e Pensiero$9(OLS)http://semarc/publisher/29642 LEADER 00817nam a2200229 4500 001 000000349431 003 CaOOAMICUS 005 20220221113207.0 008 220209s2004 it a 000 u ita r 040 $aSeMil$bita 245 00$a1 /$cLush Gjergji. 264 1$aGorle :$bVelar,$cstampa 2004. 300 $a128 p. :$bill. ;$c31 cm 541 0 $aOmaggio card. Angelo Scola (3V VI 60) 773 0 $aGjergji, Lush$tAmore che non muore.$dGorle : Velar, stampa 2004.$z88-7135-089-8$g1$w()349428 850 $aSeMil 852 $aSeMil$W1$xVenegono$y1$m3V VI 60$j231809$B240485$CSeMilBibl$Z2$F240485 $81 941 1 $a6 961 $aOmaggio card. Angelo Scola 996 $6245$a1$9(OLS)http://semarc/title/46247 996 $6264$aGorle :$bVelar$9(OLS)http://semarc/publisher/33489 LEADER 00831nam a2200205 i 4500 001 000000031396 003 CaOOAMICUS 005 20221021153327.0 008 180830n1962 it u000 u ita u 040 $aSeMil$bita 245 00$aAtti dell'Istituto Gramsci. 260 $aRoma :$bEditori Riuniti,$c[1962] 300 $av. ;$c23 cm. 650 4$aIstituto Gramsci - Atti di convegni.$0(OLS)http://semarc/subject/5036 710 2 $aIstituto Antonio Gramsci.$0(OLS)http://semarc/name/262 774 0 $tTendenze del capitalismo italiano.$dRoma : Editori Riuniti, 1962.$w()31395 774 0 $tMorale e società.$kNuova biblioteca di cultura$w()241039 996 $6245$aAtti dell'Istituto Gramsci$9(OLS)http://semarc/title/42683 996 $6260$aRoma :$bEditori Riuniti$9(OLS)http://semarc/publisher/30240